役場の距離が近い市区町村のペア - Statistics

General Stats
  • This quiz has been taken 110 times
  • The average score is 5 of 20
Answer Stats
Hint Extra Hint Answer % Correct
1.51km 東海地方 三重県朝日町-川越町
62%
1.84km 甲信越地方 長野県池田町-松川村
49%
1.66km 四国地方 香川県琴平町-まんのう町
47%
0.91km 関東地方 埼玉県戸田市-蕨市
31%
0.15km 九州地方 鹿児島県三島村-十島村
28%
1.58km 甲信越地方 長野県高森町-豊丘村
28%
0.41km 九州地方 鹿児島県鹿児島市-三島村
26%
1.30km 関東地方 埼玉県杉戸町-宮代町
26%
1.25km 四国地方 高知県田野町-奈半利町
24%
0.54km 九州地方 鹿児島県鹿児島市-十島村
24%
1.24km 九州地方 福岡県吉富町-大分県中津市
21%
1.67km 九州地方 福岡県大任町-赤村
20%
1.77km 近畿地方 和歌山県御坊市-美浜町
17%
1.39km 近畿地方 大阪府池田市-兵庫県川西市
16%
0.86km 九州地方 福岡県春日市-大野城市
15%
1.42km 関東地方 埼玉県秩父市-横瀬町
15%
1.19km 近畿地方 奈良県川西町-三宅町
15%
1.55km 関東地方 東京都千代田区-文京区
11%
1.18km 近畿地方 奈良県三郷町-王寺町
10%
1.62km 近畿地方 和歌山県湯浅町-広川町
10%
No matching quizzes found
Score Distribution
Percent of People with Each Score
Percentile by Number Answered
Your Score History
You have not taken this quiz